00411nam a2200121Ia 4500008004100000245006600041245002100107260000900128650001200137856004800149999001900197952007300216171211s9999 xx 000 0 und d aStitch It for Fall: Seasonal Sewing Projects to Craft & Quilt cLynette Anderson c2013 xHobbies uhttp://down.ebook777.com/063/1446303195.pdf c350336d350336 001040aCLbCLd2017-12-11l0r2017-12-11 00:00:00w2017-12-11yCBE